[Event "EU-Cup 21st"]
[Site "Saint Vincent"]
[Date "2005.09.19"]
[Round "2.2"]
[White "Volkov, Sergey"]
[Black "Blagojevic, Dragisa"]
[Result "1-0"]
[WhiteElo "2622"]
[BlackElo "2551"]
[Annotator "Marin,M"]
[PlyCount "53"]
[EventDate "2005.09.18"]
[EventType "team-swiss"]
[EventRounds "7"]
[EventCountry "ITA"]
[SourceTitle "CBM 110"]
[Source "ChessBase"]
[SourceDate "2006.01.31"]
[SourceVersion "1"]
[SourceVersionDate "2006.01.31"]
[SourceQuality "1"]
[WhiteTeam "Saransk"]
[BlackTeam "Podgorica"]
[WhiteTeamCountry "RUS"]
[BlackTeamCountry "YUG"]

1. d4 d5 2. c4 e6 3. Nc3 Nf6 4. cxd5 exd5 5. Bg5 c6 6. e3 Nbd7 7. Bd3 Be7 8.
Qc2 O-O 9. Nf3 Re8 10. h3 Nf8 11. Bf4 Bd6 12. Bxd6 Qxd6 13. O-O {This might
look like a radial change of plans. In the lines based on h3 followed by the
retreat of the bishop to f4, White usually castles long. However, there are
certain subtleties regarding choosing the concrete plan. See the notes to
Stefansson-Thorhalsson from this same issue of CBM.} (13. O-O-O {Jacimovic,D 
(2438)-Kveinys,A (2510) EU-chT 15th Gothenburg 2005 (5) 1/2}) 13... Qe7 {
This move was played by Beliavsky in two important games. Black prepares the
knight jump to e4, followed by the development of the bishop to f5.} ({In
practice, several other moves have been played, but the main alternative is} 
13... Be6 {. I have repeatedely written about Jussupov's predilection for
combining natural developing moves with crossing the opponent's plans. The
development of the bishop on e6 is one of his favourite moves, in several
concrete positions. Here is one of his relatively recent games:} 14. Rab1 Re7
15. b4 Rae8 16. Rfc1 Ng6 {All these moves do not require special comments:
both sides have achieved an impressive concentration of forces on "their"
wings.} (16... a6 $5 17. a4 Ng6 18. b5 axb5 19. axb5 Bd7 {[%cal Yf6e4]}) 17. b5
({Curiously, this position was reached in one top class game with Black to
move! The explanation is simple: Black won a tempo by playing 11...Ng6and
White nevertheless castled short. The game ended rather rapidly:} 17. Z0 a6 18.
a4 Bd7 19. b5 axb5 20. axb5 Ne4 21. bxc6 bxc6 22. Bxe4 dxe4 23. Nd2 f5 24. Ne2
h6 25. Nf1 Qf6 {White has managed to weaken the c6-pawn, but Black's
concentration of forces on the king side could eventually explode in a direct
attack. 1/2-1/2 Karpov,A (2679)-Piket,J (2632)/Monte Carlo 2001/CBM 081 ext})
17... c5 {This move was eventual successful in a rapid game, but led to some
problems in a correspondence game.} (17... Bd7 $5 {[%cal Yf6e4] with similar
ideas as in Karpov-Piket deserves consideration.}) 18. dxc5 Qxc5 19. Qa4 $6 (
19. Ne4 Qxc2 20. Nxf6+ gxf6 21. Bxc2 $14 {led to arather unpleasantendgame for
Black in 1/2-1/2 Mundstock,R (2445)-Walsh,H (2449)/CADAP corr 2000/Corr 2002 
(51)}) (19. Nd4) (19. Ne2) 19... Qd6 20. Qxa7 $6 {This careless pawn hunting
allows Black put inti action his impressive army, concentrated on the king
side.} Bxh3 $1 21. Bf1 $2 (21. gxh3 $2 Rxe3 $1 22. Be2 $8 Nh4 23. Nxh4 Rxh3 24.
Nf3 Nh5 $40 {[%cal Yh5f4,Yd6g6,Gh3h1,Gg1f1]}) (21. Bxg6 $8 hxg6 22. gxh3 Rxe3
23. Kg2 {This looks like the only way to put up some resistance. Black
isobviously not worse, but he needs certain imagination to continue his attack.
} Rxf3 $5 (23... Rd3 $5 {[%csl Rf2][%cal Yd5d4,Yd6f4]}) 24. Kxf3 Qh2 25. Rh1
Qe5 $44 {[%csl Yc3,Yf3,Yh1]}) 21... Bf5 $17 22. Rb2 Ng4 23. Rd1 Nh4 24. Be2
Rxe3 25. fxe3 Qg3 {0-1 Van Wely,L (2646)-Jussupow,A (2628)/Frankfurt 2000/CBM
076 ext}) 14. Rab1 ({White can prevent the knight jump to e4 with} 14. Nd2 {
but not for too long:} Ne6 ({In my opinion,} 14... Ng6 15. Rab1 Nh4 {is even
stronger, putting the white castle under huge pressure.}) 15. Rfd1 Ng5 16. Bf1
Nfe4 17. Ndxe4 dxe4 18. d5 (18. h4 Nf3+ 19. gxf3 exf3 20. Bd3 Qxh4 $17) 18...
Bxh3 19. f4 exf3 20. gxh3 Qxe3+ $44 {1-0 Kaderka,R-Sofrigin,A (2320)/
Schwarzach 1998/EXT 2000 (43). In fact, in this game the moves Bf4 and Bd6
were played without loss of time (meaning that the bishops came from their
initial squares), resulting in a different numerotation of moves.}) 14... Ne4
15. b4 Bf5 16. b5 $146 {For some reasons, this natural move has not been tried
before.} (16. Na4 Rad8 {(? Beliavsky)} (16... Rac8 $11 {Beliavsky}) 17. b5 Rd6
18. bxc6 Rxc6 19. Qd1 (19. Qb3 {[%csl Yb7,Yd5] (! Beliavsky)}) 19... b6 20. Ne5
(20. Bb5 Rh6 21. Bxe8 Qxe8 $44 {Beliavsky}) 20... Rc7 21. Bb5 (21. Rc1 $142)
21... Nd7 22. f3 Nd6 23. Bxd7 Bxd7 24. Re1 Rec8 25. Nb2 Bf5 $17 {0-1 Spraggett,
K (2550)-Beliavsky,A (2640)/Montpellier 1985/Candidates/[ChessBase] (40)}) (16.
Rb3 Rad8 ({Curiously, Beliavsky once again chose this placement ofthe rook, in
spite of his recomandation on his previous game.} 16... Rac8 $5 {should be
considered, anticipating White's thematic break with b5.}) 17. b5 c5 18. dxc5
Qxc5 19. Nd4 Bg6 20. Nxe4 Qxc2 21. Bxc2 Bxe4 (21... dxe4 22. Ra3 Ra8 23. Bb3
$16) 22. Bxe4 Rxe4 23. Ra3 Ne6 24. Nxe6 fxe6 25. Rxa7 $16 {1/2-1/2 Portisch,L 
(2610)-Beliavsky,A (2645)/Brussels 1988/CBM 007 (35)}) 16... Nxc3 {This move
certainly makes sense. The preparatory moves previously played by White had
the purpose of preventing the queen from occupying an exposed square on the
file that will possibly be opened.} ({Beliavsky recommends} 16... Rac8 17. bxc6
bxc6 ({The main problem with Rac8 is that} 17... Rxc6 {doesn't work:} 18. Nxd5
Qd7 19. Qb3 Bxh3 20. Nf4 $1 {and White has an impressive centralisation.
Besides, Black will most probably lose a pawn.}) 18. Rfc1 Ne6 $5 $132 {This
still has to be checked. The line is sound tactically. For instance} 19. Nxe4
dxe4 20. Bxe4 {fails to} Nxd4 $1 {but generally speaking, Black's position
after his 18th move looks a bit hanging.}) 17. Qxc3 Bxd3 $6 {However, this
second exchange causes Black to lose all his dynamic potential. The white
queen will reach an optimal square, the white king side will be entirely safe,
while Black's queen side damage will be quite real.} ({Black should have
maintained his chances for a king side attack intact with} 17... Be4 $5 {
for instance} 18. Nd2 (18. bxc6 Bxf3 19. gxf3 Rac8 $132) 18... Rac8 $132) 18.
Qxd3 c5 19. dxc5 Qxc5 20. Rfd1 $14 {White has a stable advantage now.} Rad8 21.
b6 a6 (21... axb6 22. Rb5 $16 {[%csl Yb6,Yb7,Yd5]}) 22. Rdc1 Qa5 23. Nd4 g6 24.
Rc7 Rd7 25. Qc2 Ree7 26. Rc8 Kg7 27. a4 1-0

[Event "EU-chT (Men) 15th"]
[Site "Gothenburg"]
[Date "2005.08.01"]
[Round "3.2"]
[White "Istratescu, Andrei"]
[Black "Hansen, Lars Bo"]
[Result "1/2-1/2"]
[WhiteElo "2624"]
[BlackElo "2567"]
[Annotator "Marin,M"]
[PlyCount "53"]
[EventDate "2005.07.30"]
[EventType "team-swiss"]
[EventRounds "9"]
[EventCountry "SWE"]
[SourceTitle "CBM 109"]
[Source "ChessBase"]
[SourceDate "2005.11.14"]
[SourceVersion "1"]
[SourceVersionDate "2005.11.14"]
[SourceQuality "1"]
[WhiteTeam "Romania"]
[BlackTeam "Denmark"]
[WhiteTeamCountry "ROU"]
[BlackTeamCountry "DEN"]

1. d4 d5 2. c4 e6 3. Nc3 Nf6 4. cxd5 exd5 5. Bg5 Be7 6. e3 c6 7. Bd3 Nbd7 8.
Nf3 Nf8 {This system of development is rarely seen in modern tournament praxis.
However, it seems that basically there is nothing wrong with it and that it is
all a matter of fashion. Black intends to carry out the typical manoeuvre Ne6,
g6, Ng7, Bf5 before castling, in order to spare the tempo Rf8-e8.} 9. Qc2 Ne6
10. Bxf6 {White gives up the pair of bishops in order to win time to complete
his development and start active operations in the centre and on the king side.
However, such a simplistic approach can hardly offer an advantage.} ({The main
line of this system continues with} 10. Bh4 g6 11. O-O O-O 12. Rab1 Ng7 13. b4
a6 14. a4 Bf5 15. b5 Bxd3 16. Qxd3 axb5 17. axb5 {when both sides can be more
or less satisfied: Black has solved the problem of his light squared bishop,
but White has already made significant progress with his queen side attack. In
the next phase of the game, White should increase his pressure along the b-
and c-files while Black has to regroup his minor pieces in the most efficient
way in order to defend his chronic c6-weakness.} {One year later, the great
specialist in defence, Andersson, came up with a different plan of regroupment:
} Nd7 (17... Nf5 18. Bxf6 Bxf6 19. Rfc1 {The slow method of bringing all the
pieces into play is probably the best.} ({Rushing in with} 19. Ra1 Ra5 20. Nd2
{allowed Black unexpected counterplay in the centre with} Rxa1 21. Rxa1 c5 22.
dxc5 d4 $132 {1/2-1/2 Dreev,A (2670)-Beliavsky,A (2650)/Reggio Emilia 1996/CBM
051 (58)}) 19... Ra3 20. bxc6 bxc6 21. Qc2 Qa8 22. Ne2 Ra6 23. Nf4 Nd6 24. Nd2
Be7 25. h3 Rd8 26. Nd3 Nb5 27. Rb3 Bd6 28. Nb4 Bxb4 29. Rxb4 Rb8 30. Qc5 Rb7 {
Black has achieved relative stability on the queen side, but White will soon
bring in his last reserves: the knight.} 31. Nf3 f6 {Necessary weakening of
the king's position, in order to prevent the knight jump to e5, which would
put inimmediate danger the c6-pawn.} 32. Ne1 Rba7 33. Nd3 $14 {1/2-1/2 Timman,
J (2630)-Andersson,U (2600)/Tilburg 1987/CBM 004 (60)}) 18. bxc6 bxc6 19. Bg3 (
{White was probably afraid that the immediate exchange on e7} 19. Bxe7 {
would allow Black get a harmonious position after} Qxe7 {followed by Ne6, Qd6,
Rfc8, preparing c5. In any case, the mentioned plan might have been
Andersson's planned improvement over a very old game:} 20. Qc2 Nf5 $6 21. Na4
Qd6 22. Nb6 Nxb6 23. Rxb6 Ne7 $14 {1/2-1/2 Szabo,L-Stahlberg,G/Zuerich 1953/
Candidates (31)}) 19... Nf5 20. Rfc1 Ra3 21. Rb7 Nd6 (21... Nxg3 22. hxg3 Bd6 {
wouldlead to a similar position, with the significant difference that Black
would have been under the permanent positional threat of g4-g5.}) 22. Bxd6 Bxd6
23. Qb1 Nf6 24. Ne2 Ra6 25. g3 Qa8 26. Kg2 Rb8 27. Rxb8+ Bxb8 28. Nc3 Bd6 $11 {
Black controls all the important squares and is out of any danger. 1/2-1/2
Georgiev,K (2595)-Andersson,U (2625)/Reggio Emilia 1988/CBM 011 (35)}) ({
If White is ready to part with his bishop immediately, he should probably
insert the moves} 10. h4 h6 {andonly now play} 11. Bxf6 {for example} Bxf6 12.
O-O-O Nc7 (12... h5 $5) 13. h5 Bg4 14. Bf5 Bxf5 15. Qxf5 Qd7 16. Qxd7+ Kxd7 17.
Kb1 Rae8 18. Rc1 Re7 19. Ne2 Nb5 20. Nf4 Nd6 21. Nd3 Ne4 22. Rc2 Rg8 23. Nfe5+
Bxe5 24. Nxe5+ {[%csl Rf7,Rg6] 1/2-1/2 Gligoric,S (2575)-Stahlberg,G/Helsinki
1952/MCD}) 10... Bxf6 11. O-O-O ({After the exchange on f6, castling short
would put less pressure on Black, mainly because he disposes over the optimal
d6-square for his queen..} 11. O-O g6 12. b4 (12. Rab1 O-O 13. b4 a6 14. Rfc1
Qd6 15. Na4 b5 16. Nc5 Nxc5 17. Qxc5 Qxc5 18. bxc5 a5 19. a4 b4 20. Nd2 Be6 21.
g3 {1/2-1/2 Tyomkin,D (2498)-Spraggett,K (2584)/Winnipeg 2004/CBM 102 ext})
12... O-O 13. Rac1 a6 {It makes little sense to refrain from this move.} ({
The immediate} 13... Qd6 $6 {leaves the a8-rook out of play for a while:} 14.
b5 c5 15. dxc5 Nxc5 16. Rfd1 Be6 17. Bc4 Bxc3 18. Qxc3 Rac8 19. Qd4 $14 {
0-1 Seirawan,Y (2595)-Ljubojevic,L (2610)/Brussels 1988/CBM 007 (42)}) 14. a4 (
14. Na4 $5) 14... Qd6 15. b5 axb5 16. axb5 c5 17. dxc5 Nxc5 $132 18. Rfd1 Ra3
$1 19. Nxd5 $2 Nxd3 20. Rxd3 Bf5 $15) ({In case of} 11. Bxh7 $2 g6 12. Bxg6
fxg6 13. Qxg6+ Ke7 {[%cal Yd8g8] White's 3 pawns are no match for the
sacrificed piece.}) 11... g6 12. h4 (12. Kb1 Ng7 (12... Qd6 $1 13. e4 Bg7 $132)
13. Ne5 Bf5 14. f4 Bxd3 15. Rxd3 Be7 16. g4 f6 17. Nf3 Qd7 18. h3 Bb4 19. Rc1
O-O 20. Qg2 Bxc3 21. Rdxc3 Rae8 22. Ka1 Re7 23. h4 Kh8 24. Rg1 Qe8 25. Qf2 Qf7
26. Rh1 Rfe8 27. a3 Qe6 28. Qg1 Rc8 29. g5 $14 {[%csl Re5] 1-0 Shariyazdanov,A
(2582)-Nikolac,J (2448)/Pula 2001/CBM 084 ext (40)}) 12... h5 {This natural
reaction is not the only possible.} ({After} 12... Ng7 $5 {[%cal Yh7h5,Yc8g4]}
13. Ne5 Qe7 14. f4 Nf5 {Black would get active counterplay against the weak
white pawns.}) 13. Ne5 {Now or never! This double edged continuation is
White's only hope for an advantage.} (13. Kb1 Qd6 $11) 13... Bxe5 14. dxe5 Qe7
{Black has the better structure but is slightly behind in development. White
has to continue in an energetical way.} 15. e4 d4 16. Ne2 c5 17. Kb1 Bd7 18. f4
Nd8 19. e6 {The assymetry of the pawn structure oviously worried White, who
takes the first oportunity to transpose to a more normal position. However,
his initiative is likely to vanish.} (19. Rc1 $5 Rc8 20. Bc4 {would have also
led to interesting play.}) 19... Nxe6 (19... fxe6 20. e5 $36) (19... Bxe6 20.
f5 Bd7 21. fxg6 fxg6 22. Nf4 $36) 20. f5 gxf5 $6 {This looks like playing with
fire.} ({Black should have maintained the position closed while defending the
g6-square with} 20... Nf8 $13) 21. exf5 Nc7 22. Nxd4 O-O-O 23. Rhe1 Qf8 {
Black has managed to castle and maintains the slightly better pawn structure,
but his position remains dangerous.} 24. Nf3 $6 {But this move allows Black
reach the safety zone.} (24. Rc1 $1 b6 ({White might have underestimated his
attacking chances after} 24... Ba4 25. Qxa4 Rxd4 26. Qxa7 Rxd3 27. Rxc5 $18 {
/\Rec1, Qa8}) 25. b4 Qd6 26. Nf3 cxb4 27. Ng5 $1 {White attacks on the whole
board.} Rhf8 28. Re7 Bc6 29. Rxc7+ Kxc7 30. Be4 $16) 24... f6 25. Be4 Kb8 26.
Rd3 b6 27. Qd2 1/2-1/2

[Event "EU-chT (Men) 15th"]
[Site "Gothenburg"]
[Date "2005.07.31"]
[Round "2.3"]
[White "Wojtaszek, Radoslaw"]
[Black "Hansen, Lars Bo"]
[Result "1/2-1/2"]
[WhiteElo "2591"]
[BlackElo "2567"]
[Annotator "Marin,M"]
[PlyCount "56"]
[EventDate "2005.07.30"]
[EventType "team-swiss"]
[EventRounds "9"]
[EventCountry "SWE"]
[SourceTitle "CBM 109"]
[Source "ChessBase"]
[SourceDate "2005.11.14"]
[SourceVersion "1"]
[SourceVersionDate "2005.11.14"]
[SourceQuality "1"]
[WhiteTeam "Poland"]
[BlackTeam "Denmark"]
[WhiteTeamCountry "POL"]
[BlackTeamCountry "DEN"]

1. d4 d5 2. c4 e6 3. Nc3 Nf6 4. cxd5 exd5 5. Bg5 Be7 6. e3 c6 7. Bd3 Nbd7 8.
Qc2 Nh5 9. Bxe7 Qxe7 10. Nge2 g6 11. O-O {This is supposed to be a rather
inoffensive continuation in this concrete position. White usually takes
advantage of the temporarily exposed psoition of the black knight with g4,
followed by long castle.} Nb6 {This is a perfect placement for the knight, as
we shall see at a later stage of the game. However, Black usually castles
first and only then decides what to do with his knight.} (11... O-O 12. Rab1
Ng7 {[%cal Yd7f6,Yc8f5]} (12... a5 13. a3 Nb6 {would just transpose to our
main game.}) 13. b4 a6 14. a4 Nf6 15. b5 axb5 16. axb5 Bf5 {[%csl Ye2] With
his king's knight on f3, White could claim a minimaladvantage. However, the
way it is, the knight has no easy access to the critical e5- and c5-squares.}
17. Nf4 Rfc8 18. bxc6 bxc6 19. Na4 Rc7 20. Rfc1 Qd6 21. h3 g5 $5 22. Nb6 Re8
23. Ne2 Bxd3 24. Qxd3 Ne4 25. Nc3 f5 26. Nxe4 fxe4 27. Qd1 h5 28. Na4 {1/2-1/2
Baburin,A (2490)-King,D (2500)/Dublin 1995/CBM 046 ext}) ({A more active but
also more committal plan for Black would be the one based on the advance of
the f-pawn, with similar ideas as White's minority's attack: to produce
chronic weaknesses on e3 or d4.} 11... f5 12. Rab1 O-O 13. b4 a6 14. a4 f4 15.
Nxf4 Nxf4 16. exf4 Rxf4 17. b5 (17. Ne2 {only drives the rook back to a less
exposed and more useful position after} Rf6 $1 {קc6} 18. b5 axb5 19. axb5 Nf8
20. bxc6 (20. Ra1 $5 Rxa1 21. Rxa1 Bg4 $132 22. f3 $2 Qe3+ 23. Kh1 Rxf3 24. Rd1
Rf2 $40) 20... bxc6 21. Rb6 Bd7 22. Rfb1 (22. Qb2 {transposes to a game where
the sequence of moves Nc3-e2 Rf4-f6 was played slightly later:} Re8 23. Qb4 Qf7
{1/2-1/2 Summerscale,A (2455)-Parker,J (2415)/Swansea 1995/EXT 97}) 22... Rf7
23. Qd2 Qh4 24. f3 Ne6 25. Qe3 Re7 26. Rb8+ Rxb8 27. Rxb8+ Kf7 28. Qf2 Qh6 29.
f4 Ng7 30. Bc2 Bf5 $132 {0-1 Bouwmeester,H-Euwe,M/Amsterdam 1950 (73)}) 17...
axb5 18. axb5 {is more ambitious.} Rxd4 $5 {might be the critical move for the
assesment of the entire operation of advancing the f-pawn:} (18... Rf6 $6 {
would allow White obtain a stable advantage:} 19. Ra1 $1 Rxa1 (19... Rb8 {
would just leave White with the control of the a-file, while the rook would be
very passive on b8.} 20. Rfe1 $16) 20. Rxa1 $14 Nf8 $2 21. Nxd5 $1 cxd5 22.
Qxc8 $16 {1-0 Ernst,S-Van Voorthuijsen,P (2300)/Enschede 1995/EXT 97 (69)}) 19.
Ne2 ({Inserting} 19. bxc6 bxc6 {would only allow Black activate his bishop with
} 20. Ne2 Rxd3 21. Qxd3 Ba6) 19... Rh4 20. bxc6 Ne5 {It is an open question
whether Black's piece activity is sufficient to compensate for his structural
deffects as well as for the weakened king's position.}) 12. Rab1 ({Besides the
natural plan of advancing his b-pawn, White disposes over an entirely
different placement of his pieces:} 12. Rae1 O-O 13. Nc1 {The rook sustains
the advance of the e-pawn (after an eventual f3) while the knight takes under
control the a5- and, especially, c5-squares.} Be6 {simply continues developing,
overdefends the d5-pawn and thus prepares an eventual counterplay based on
c6-c5.} (13... Ng7 {is aiming to prepare in optimal way against the planned
advanced of the e-pawn. In fact, Black is ready to provoke this thematic move,
in order to prevent White regroup previously.} 14. f3 Be6 (14... Bf5 15. e4 Be6
16. exd5 Nxd5 17. Nxd5 cxd5 18. Qd2 Qd6 19. Re5 Rae8 20. Rfe1 f6 21. R5e2 Bd7
22. Rxe8 Rxe8 23. Rxe8+ Bxe8 24. Ne2 {1/2-1/2 Mercadal Benejam,J (2519)
-Mozzino,A (2518)/Argentina 2001/Corr 2004}) 15. Nb3 Rad8 16. Nc5 Bf5 17. e4
dxe4 18. fxe4 Bc8 19. Ne2 Bg4 20. Qc3 Ne6 21. Nxe6 Bxe6 22. h3 Rd7 23. Rd1 {
1/2-1/2 Savon Vladimir A (UKR) (2461)-Khruschiov Alexey (MDA) (2440)/Tula}) 14.
Nb3 Nd7 15. Na4 (15. f3 Rac8 16. Qd2 Qd6 17. Bc2 f5 18. e4 fxe4 19. fxe4 Rxf1+
20. Rxf1 Rf8 21. Rxf8+ Qxf8 22. exd5 cxd5 23. Qe3 {+/=/= 1-0 Haslinger,S (2410)
-Cobb,C (2406)/West Bromwich 2004/EXT 2005 (60)}) 15... Rac8 16. Qd2 (16. Nbc5
$1 b6 17. Nxe6 Qxe6 18. Ba6 Rc7 19. Nc3 $14 {Beliavsky}) 16... Nhf6 17. f3 b6
18. Rc1 c5 19. dxc5 Nxc5 20. Nbxc5 bxc5 21. Rfe1 Rfd8 $11 {1/2-1/2 Beliavsky,A
(2660)-Boensch,U (2540)/Germany 2004/EXT 2005 (36)}) 12... a5 ({Black can also
the slightly different standard way to meet the minority's attack with} 12...
O-O 13. b4 a6 14. a4 Be6 15. Rfc1 ({In case of} 15. b5 {Black has a choice
between the capture with the a-pawn, followed by ...c5 which wouldtranspose
toour main game and the more ambitious} cxb5 16. axb5 a5 17. Na4 Rfc8 18. Qa2
Nxa4 19. Qxa4 b6 {when both sides have their chances in a rather assymetrical
position.}) 15... Rfc8 16. a5 {Freezing the queen side and hoping to open play
in the centre in a favourable way.} Nd7 17. Na4 Re8 18. Nc5 Nxc5 19. bxc5 {
This position is only apparently very promissing for White, because he has no
easy way of opening more files for his rooks.} Rad8 20. Rb3 Bc8 {Black has
achieved a perfect regroupment. His bishop safely defends the only weak point
of Black's positoon while keeping an eye on the enemy king's position, too.}
21. Qd2 Qg5 22. Kh1 Nf6 23. Ng1 Re7 24. Nf3 Qh5 25. Ne5 Ng4 26. Nxg4 Qxg4 27.
Re1 Rde8 28. Rbb1 h5 29. Re2 Qg5 30. Qe1 Bf5 31. Bxf5 Qxf5 32. Reb2 Qc8 33. Qd1
Rc7 34. Rb3 Ree7 $11 {1/2-1/2 Georgiev,K (2677)-Andersson,U (2625)/France 2000/
EXT 2001 (50) Black safly defends his weak pawn while maintaining king side
pressure and thus preventing White from playing e3-e4.}) 13. a3 Be6 14. b4 axb4
15. axb4 O-O 16. b5 c5 $1 {This is the idea behind Black's 11th move: the
knight gets the perfect blocking b6-square, fully compensating for the
relative weakness of the isolani.} 17. dxc5 Qxc5 18. Rbc1 Rfc8 19. Rfd1 Qb4 20.
Rb1 Qa3 21. Rb3 Qe7 22. Nd4 Bg4 23. Re1 Nf6 24. f3 Bd7 $11 {All Black's pieces
are perfectly placed, while the central pawn is well defended. Black has no
problems at all.} 25. Qf2 Ra3 26. Qb2 Raa8 27. Qf2 Ra3 28. Qb2 Raa8 1/2-1/2